[Event "SR 3. liga A2 2018/2019"]
[Site "?"]
[Date "2019.03.24"]
[Round "11.1"]
[White "Barca, Michal"]
[Black "Vach, Jozef"]
[Result "1/2-1/2"]
[WhiteElo "1732"]
[BlackElo "1718"]
[PlyCount "104"]
[EventDate "2018.??.??"]

1. c4 c5 2. Nc3 Nc6 3. Nf3 Nf6 4. g3 g6 5. d4 cxd4 6. Nxd4 Bg7 7. Bg2 O-O 8.
O-O Re8 9. Nxc6 bxc6 10. e4 Kh8 11. Be3 Qc7 12. Rc1 d6 13. h3 Bb7 14. Qd2 Rac8
15. f4 a6 16. g4 Nd7 17. f5 Ne5 18. b3 c5 19. Bh6 f6 20. Bxg7+ Kxg7 21. g5 Rf8
22. Ne2 Rcd8 23. h4 Nf7 24. Nf4 Bc8 25. Nd5 Qa7 26. fxg6 hxg6 27. gxf6+ exf6
28. Rxf6 Rde8 29. Rcf1 Be6 30. Qf4 Bxd5 31. exd5 Qe7 32. Re6 Qd8 33. Qg3 Rxe6
34. dxe6 Ne5 35. Rxf8 Qxf8 36. h5 Qf6 37. Bd5 Kh6 38. hxg6 Qxg6 39. Qxg6+ Nxg6
40. Kf2 Kg5 41. Ke3 Kf6 42. a3 a5 43. Kd3 Ke5 44. Kc3 Kf6 45. Kd3 Nf4+ 46. Ke4
Nxe6 47. Bxe6 Kxe6 48. a4 d5+ 49. cxd5+ Kd6 50. Kd3 Kxd5 51. Kc3 Kd6 52. Kc4
Kc6 1/2-1/2

[Event "SR 3. liga A2 2018/2019"]
[Site "?"]
[Date "2019.03.24"]
[Round "11.1"]
[White "Vepy, Ivan"]
[Black "Janas, Peter"]
[Result "1-0"]
[WhiteElo "1830"]
[BlackElo "1715"]
[PlyCount "83"]
[EventDate "2018.??.??"]

1. e4 Nf6 2. Nc3 d6 3. d4 g6 4. h3 Bg7 5. Nf3 c6 6. Be3 O-O 7. Qd2 a5 8. Bd3 b5
9. Bh6 Ba6 10. O-O b4 11. Na4 Bxd3 12. cxd3 Nbd7 13. Rac1 Nb6 14. Nxb6 Qxb6 15.
Bxg7 Kxg7 16. Rfe1 Rac8 17. e5 Nd5 18. Re4 h6 19. Rh4 Rh8 20. Nh2 Qd8 21. f4 e6
22. Nf3 Ne7 23. g4 Nd5 24. Rf1 Qe7 25. f5 exf5 26. gxf5 f6 27. fxg6 f5 28. Kh1
f4 29. Rg1 Rcf8 30. Qc2 Rc8 31. Qc4 Qd7 32. Rh5 Qe7 33. Nh4 Qd7 34. Nf5+ Kg8
35. Nxd6 Rc7 36. Nf7 b3 37. Nxh8 Kxh8 38. Rxh6+ Kg8 39. g7 Rc8 40. Rh8+ Kf7 41.
g8=Q+ Rxg8 42. Rgxg8 1-0

[Event "SR 3. liga A2 2018/2019"]
[Site "?"]
[Date "2019.03.24"]
[Round "11.1"]
[White "Tupy, Bystrik"]
[Black "Harasta, Marian"]
[Result "0-1"]
[WhiteElo "1694"]
[BlackElo "1646"]
[PlyCount "174"]
[EventDate "2018.??.??"]

1. e4 c5 2. Nf3 Nc6 3. d4 cxd4 4. Nxd4 e5 5. Nxc6 bxc6 6. Nc3 Bb4 7. Bd2 Nf6 8.
Bd3 O-O 9. O-O d5 10. exd5 cxd5 11. a3 Ba5 12. f3 Qb6+ 13. Kh1 Bxc3 14. bxc3 e4
15. fxe4 dxe4 16. Bc4 e3 17. Be1 Bg4 18. Qc1 Rad8 19. Bh4 e2 20. Re1 Rd1 21.
Qf4 Rxa1 22. Rxa1 Qb2 23. Re1 Qxc3 24. h3 Bh5 25. g4 Qxh3+ 26. Qh2 Qxh2+ 27.
Kxh2 Bxg4 28. Bxf6 gxf6 29. Rg1 e1=Q 30. Rxe1 Rc8 31. Bd3 Bh5 32. Re7 a5 33.
Rd7 Bg6 34. Kg3 Bxd3 35. cxd3 Rc3 36. a4 Ra3 37. Rd4 Kg7 38. Kf4 Kg6 39. Ke4 h5
40. Rc4 f5+ 41. Ke3 Kg5 42. Ke2 h4 43. d4 h3 44. Kf2 Ra2+ 45. Kg1 h2+ 46. Kh1
Kg4 47. d5+ f4 48. Rd4 Kg3 49. Rd1 Re2 50. d6 f3 51. d7 f2 52. Rd3+ Kf4 53.
Rd4+ Kf5 54. Rd5+ Kg6 55. Rd6+ Kg7 56. Rf6 Rd2 57. Rxf2 Rxd7 58. Rf5 Ra7 59.
Kxh2 Kg6 60. Rb5 Ra6 61. Kg3 Kf6 62. Kf4 Kg6 63. Ke4 f6 64. Kf4 Kf7 65. Kf5 Ke7
66. Rb7+ Kf8 67. Kg6 Ke8 68. Kf5 Kd8 69. Rh7 Kc8 70. Ke4 Rb6 71. Kf5 Kb8 72.
Rf7 Rb4 73. Rxf6 Rxa4 74. Ke5 Kb7 75. Kd5 Rb4 76. Kc5 Rb1 77. Kc4 a4 78. Rf3
Kb6 79. Rf8 Ka7 80. Rf3 Ka6 81. Ra3 Ka5 82. Kc3 $11 Rb8 83. Ra1 Rc8+ 84. Kb2
Kb4 85. Rc1 a3+ 86. Kb1 a2+ 87. Kxa2 Rxc1 0-1

[Event "SR 3. liga A2 2018/2019"]
[Site "?"]
[Date "2019.03.24"]
[Round "11.2"]
[White "Kalmar, Tamas"]
[Black "Palka, Miroslav"]
[Result "1-0"]
[WhiteElo "2089"]
[BlackElo "1868"]
[PlyCount "119"]
[EventDate "2018.??.??"]

1. d4 Nf6 2. c4 d6 3. Nc3 g6 4. e4 Bg7 5. f3 O-O 6. Be3 Nbd7 7. Qd2 c5 8. d5
Re8 9. Bd3 Ne5 10. Nge2 Nxd3+ 11. Qxd3 Bd7 12. O-O a6 13. a3 Rb8 14. b4 b6 15.
Rab1 Qc7 16. b5 a5 17. Rbe1 e5 18. g4 Rf8 19. Ng3 Bc8 20. Kh1 Nd7 21. Rg1 Qd8
22. Qd2 f6 23. Ref1 Rf7 24. Kg2 Nf8 25. Qc2 Rbb7 26. Rf2 Nd7 27. Kf1 Nf8 28.
Ke1 g5 29. Nf5 Ng6 30. Qd2 Bxf5 31. exf5 Nf8 32. Ne4 h6 33. Rh1 Nh7 34. h3 Rbd7
35. Rfh2 Rf8 36. a4 Kf7 37. h4 Qe7 38. Re2 Rdd8 39. f4 gxf4 40. Bxf4 Rh8 41.
Bxh6 Rdg8 42. Be3 Nf8 43. Reh2 Nd7 44. g5 Qf8 45. h5 fxg5 46. Nxg5+ Ke7 47. Rf1
Qf6 48. Ne4 Qf8 49. h6 Bf6 50. Qe2 Qf7 51. Qf3 Qf8 52. h7 Rg7 53. Bh6 Rhxh7 54.
Bxg7 Qxg7 55. Rxh7 Qxh7 56. Rh1 Qg7 57. Qg3 Qxg3+ 58. Nxg3 Nf8 59. Ne4 Bg7 60.
Ke2 1-0

[Event "SR 3. liga A2 2018/2019"]
[Site "?"]
[Date "2019.03.24"]
[Round "11.2"]
[White "Skapikova, Lubica"]
[Black "Merva, Frantisek"]
[Result "0-1"]
[WhiteElo "1877"]
[BlackElo "2065"]
[PlyCount "155"]
[EventDate "2018.??.??"]

1. e4 b6 2. d4 Bb7 3. f3 e6 4. Nc3 Nf6 5. Be3 d6 6. Nge2 Be7 7. Qd2 Nbd7 8. Nf4
a6 9. Be2 O-O 10. O-O Rc8 11. g4 c5 12. d5 exd5 13. Ncxd5 Nxd5 14. Nxd5 Nf6 15.
c4 Nxd5 16. exd5 Re8 17. Bd3 Bf6 18. Rae1 g6 19. Bf2 Qd7 20. Rxe8+ Rxe8 21. Re1
b5 22. Rxe8+ Qxe8 23. Kg2 b4 24. Bg3 Qd7 25. h3 Bc8 26. f4 a5 27. f5 a4 28. b3
axb3 29. axb3 Bd4 30. Qe2 Qd8 31. fxg6 hxg6 32. Qe1 Kg7 33. Bh4 Qa5 34. Qb1 Qa3
35. Bg5 Be5 36. Bc1 Qa7 37. Bb2 Qe7 38. Qa1 f5 39. Bxe5+ dxe5 40. Kg3 Kh7 41.
Qe1 e4 42. Bc2 Qg5 43. Qf2 e3 44. Qf3 f4+ 45. Kg2 Qe5 46. Qe4 Qxe4+ 47. Bxe4
Kg7 48. Kf3 g5 49. Bd3 Bd7 50. Ke4 Kf6 51. h4 Bxg4 52. hxg5+ Kxg5 53. d6 Bd7
54. Be2 Bc6+ 55. Kd3 Bd7 56. Ke4 Bc6+ 57. Kd3 Bd7 58. Ke4 Bf5+ 59. Kf3 Kg6 60.
Kxf4 Kf6 61. Kxe3 Bc2 62. Bg4 Bxb3 63. d7 Ke7 64. Kd3 Ba4 65. Ke4 Bxd7 66. Bd1
Kd6 67. Bc2 Bh3 68. Bb3 Bg2+ 69. Kf4 Bc6 70. Kf5 Bd7+ 71. Kf6 Bh3 72. Bd1 Bf1
73. Bb3 Bd3 74. Kf7 Ke5 75. Ke7 Kd4 76. Kd6 Bxc4 77. Bc2 b3 78. Bb1 0-1

[Event "SR 3. liga A2 2018/2019"]
[Site "?"]
[Date "2019.03.24"]
[Round "11.2"]
[White "Vegh, Vince"]
[Black "Huska, Branislav"]
[Result "0-1"]
[WhiteElo "1943"]
[BlackElo "1836"]
[PlyCount "62"]
[EventDate "2018.??.??"]

1. e4 c5 2. Nf3 d6 3. d4 cxd4 4. Nxd4 Nf6 5. Nc3 a6 6. a4 e5 7. Nb3 b6 8. Bg5
Be7 9. Bxf6 Bxf6 10. Nd5 Bb7 11. Bc4 Bg5 12. O-O O-O 13. Qd3 Nd7 14. Rfd1 Kh8
15. Ne3 Nc5 16. Nxc5 dxc5 17. Bd5 Qc7 18. c4 Rad8 19. Qc3 Bxe3 20. Qxe3 f5 21.
Bxb7 f4 22. Rxd8 Rxd8 23. Qc3 Qxb7 24. Qxe5 Qf7 25. Qc3 Rd4 26. Qb3 Qxc4 27.
Qxb6 h6 28. Qb8+ Kh7 29. f3 Rd2 30. Qxf4 Qd4+ 31. Kf1 Qf2# 0-1

[Event "SR 3. liga A2 2018/2019"]
[Site "?"]
[Date "2019.03.24"]
[Round "11.2"]
[White "Kir, Kvetoslav"]
[Black "Csefalvay, Stefan"]
[Result "0-1"]
[WhiteElo "1787"]
[BlackElo "1772"]
[PlyCount "128"]
[EventDate "2018.??.??"]

1. d4 d5 2. c4 c6 3. e3 Nf6 4. Nf3 Nbd7 5. Nc3 e6 6. Bd3 dxc4 7. Bxc4 Be7 8.
O-O O-O 9. e4 b5 10. Bd3 a6 11. Bg5 Bb7 12. e5 Nd5 13. Bxe7 Qxe7 14. Ne4 N7b6
15. Nfg5 h6 16. Nh3 Rad8 17. Rc1 Nd7 18. Re1 Qh4 19. Nd6 Ba8 20. Re4 Qe7 21.
Rg4 f5 22. exf6 N7xf6 23. Rg6 Rxd6 24. Qd2 Kf7 25. a4 Qd8 26. axb5 cxb5 27. Rg3
g5 28. Re1 Ne7 29. f4 g4 30. Nf2 h5 31. f5 Nxf5 32. Ne4 Bxe4 33. Bxe4 Nxe4 34.
Rxe4 Rxd4 35. Qf4 Rxe4 36. Qxe4 Qd4+ 37. Qxd4 Nxd4 38. Ra3 Ra8 39. Kf2 Kf6 40.
Rd3 e5 41. Ke3 Kf5 42. Rc3 a5 43. h3 gxh3 44. gxh3 Rg8 45. Kf2 Ke4 46. Re3+ Kd5
47. Rd3 a4 48. Rc3 b4 49. Rc1 Rf8+ 50. Ke1 Rf3 51. Rc7 Rxh3 52. Ra7 Rh1+ 53.
Kd2 Rh2+ 54. Kc1 Nb3+ 55. Kb1 Nc5 56. Ra5 b3 57. Kc1 h4 58. Ra8 Nd3+ 59. Kd1
Nxb2+ 60. Kc1 Nd3+ 61. Kd1 Nc5 62. Kc1 Kc4 63. Rc8 a3 64. Kb1 Rh1# 0-1

[Event "SR 3. liga A2 2018/2019"]
[Site "?"]
[Date "2019.03.24"]
[Round "11.2"]
[White "Bendzela, Tibor"]
[Black "Szocs, Ladislav"]
[Result "1/2-1/2"]
[WhiteElo "1623"]
[BlackElo "1825"]
[PlyCount "142"]
[EventDate "2018.??.??"]

1. e4 e5 2. d4 exd4 3. Qxd4 Nc6 4. Qe3 Nf6 5. Nc3 Bb4 6. Bd2 O-O 7. O-O-O d6 8.
f3 Be6 9. g4 Ne5 10. Qf4 c6 11. h4 a5 12. h5 a4 13. g5 Ne8 14. Qg3 a3 15. b3 c5
16. f4 Nc6 17. f5 Bd7 18. g6 Qf6 19. gxf7+ Rxf7 20. Bc4 Qe5 21. Bxf7+ Kxf7 22.
Qxe5 Nxe5 23. Nd5 Bxd2+ 24. Rxd2 Bc6 25. Rh4 Rd8 26. h6 Nf6 27. Nxf6 gxf6 28.
Rg2 Rg8 29. Rxg8 Kxg8 30. Kd2 d5 31. exd5 Bxd5 32. Ra4 Kf8 33. Rxa3 Be4 34.
Ra8+ Ke7 35. Rg8 Bxf5 36. Rg7+ Nf7 37. Nf3 Kf8 38. a4 b6 39. c3 Nd6 40. Kc1 Ne4
41. Kb2 Nd6 42. Nd2 Bd3 43. b4 cxb4 44. cxb4 Nf7 45. a5 bxa5 46. bxa5 Nxh6 47.
Rd7 Bb5 48. Rxh7 Nf7 49. Ne4 Ng5 50. Nxg5 fxg5 51. Kc2 g4 52. Kd2 g3 53. Ke3 g2
54. Kf2 Bf1 55. Rh2 Ke8 56. a6 Kd8 57. Rh8+ Kc7 58. Rg8 Bxa6 59. Rxg2 Bb7 60.
Rg6 Bc6 61. Ke3 Kb6 62. Kd4 Kb5 63. Rf6 Bg2 64. Rf5+ Kc6 65. Rg5 Bh1 66. Rf5
Bg2 67. Ke3 Kd6 68. Kf4 Bh1 69. Re5 Bg2 70. Kf5 Bb7 71. Kf6 Bd5 1/2-1/2

[Event "SR 3. liga A2 2018/2019"]
[Site "?"]
[Date "2019.03.24"]
[Round "11.2"]
[White "Both, Lajos"]
[Black "Dest, Stanislav"]
[Result "0-1"]
[WhiteElo "1778"]
[BlackElo "1510"]
[PlyCount "80"]
[EventDate "2018.??.??"]

1. Nf3 d5 2. c4 e6 3. b3 Nf6 4. Bb2 Be7 5. g3 Nbd7 6. Bg2 O-O 7. O-O c6 8. d4
b6 9. Nc3 Bb7 10. Rc1 Rc8 11. Re1 Re8 12. a3 c5 13. cxd5 Nxd5 14. Nxd5 Bxd5 15.
e4 Ba8 16. Qe2 Bb7 17. h4 cxd4 18. Nxd4 Rxc1 19. Rxc1 Qb8 20. Nc6 Bxc6 21. Rxc6
Rc8 22. Qc2 Rxc6 23. Qxc6 Bf6 24. Bc1 Ne5 25. Qc2 Qd8 26. Bf4 h6 27. Be3 Qd7
28. a4 Nc6 29. Bf1 Ne5 30. Be2 Qc6 31. Qb1 Qc3 32. Qd1 Qc7 33. f3 Qc3 34. Kf2
Nc6 35. Qd7 Bd4 36. Qe8+ Kh7 37. Bxd4 Nxd4 38. Qd7 Qd2 39. Qxf7 Qxe2+ 40. Kg1
Nxf3+ 0-1

[Event "SR 3. liga A2 2018/2019"]
[Site "?"]
[Date "2019.03.24"]
[Round "11.2"]
[White "Durovka, Vladimir"]
[Black "Lelkes, Gejza"]
[Result "0-1"]
[WhiteElo "1000"]
[BlackElo "1491"]
[PlyCount "44"]
[EventDate "2018.??.??"]

1. e4 e5 2. Nf3 Nc6 3. Bc4 Bc5 4. O-O Nf6 5. d3 O-O 6. Nc3 a6 7. Be3 Bxe3 8.
fxe3 d6 9. Nd5 Na5 10. Nxf6+ Qxf6 11. Qd2 Nxc4 12. dxc4 Qg6 13. Qd3 Bh3 14. g3
Bxf1 15. Rxf1 f5 16. exf5 Qxf5 17. e4 Qe6 18. Kg2 Rf6 19. Rf2 Raf8 20. b3 g5
21. Qd5 Qxd5 22. cxd5 g4 0-1

[Event "SR 3. liga A2 2018/2019"]
[Site "?"]
[Date "2019.03.24"]
[Round "11.3"]
[White "Sefcik, Marek"]
[Black "Puskar, David"]
[Result "1-0"]
[WhiteElo "2017"]
[BlackElo "1829"]
[PlyCount "69"]
[EventDate "2018.??.??"]

1. e4 e6 2. d4 d5 3. e5 c5 4. Qg4 cxd4 5. Nf3 Nc6 6. Bd3 Nge7 7. O-O Ng6 8. Re1
Bc5 9. h4 Bf8 10. h5 Nge7 11. a3 Qc7 12. Bf4 Bd7 13. b4 a6 14. Nbd2 g6 15. Nb3
O-O-O 16. Rac1 Nf5 17. c3 Be7 18. cxd4 Kb8 19. Nc5 Rhg8 20. a4 Bxc5 21. Rxc5
Qb6 22. a5 Qxb4 23. Rb1 Qa3 24. Bxa6 Ka7 25. Bxb7 Ncxd4 26. Nxd4 Qxc5 27. Nxf5
gxf5 28. Qe2 Bb5 29. Qxb5 Qxb5 30. Rxb5 d4 31. a6 Rd7 32. Bd2 Rc7 33. Ba5 Rc4
34. Bb6+ Kb8 35. Bf3 1-0

[Event "SR 3. liga A2 2018/2019"]
[Site "?"]
[Date "2019.03.24"]
[Round "11.3"]
[White "Babirat, Michal"]
[Black "Jakubec, Milan"]
[Result "1/2-1/2"]
[WhiteElo "1880"]
[BlackElo "1992"]
[PlyCount "45"]
[EventDate "2018.??.??"]

1. c4 e6 2. d4 d5 3. Nc3 Nf6 4. Bg5 Nbd7 5. e3 c6 6. Nf3 Qa5 7. Bxf6 Nxf6 8. a3
Ne4 9. Qc1 Nxc3 10. Qxc3 Qxc3+ 11. bxc3 dxc4 12. Bxc4 b5 13. Be2 Bd6 14. a4 b4
15. cxb4 Bxb4+ 16. Kd1 f6 17. Kc2 a5 18. Rhc1 Bd7 19. Ne1 Ke7 20. Nd3 Rab8 21.
Kd1 Rhc8 22. Nc5 Rb6 23. Nxd7 1/2-1/2

[Event "SR 3. liga A2 2018/2019"]
[Site "?"]
[Date "2019.03.24"]
[Round "11.3"]
[White "Horak, Ivan"]
[Black "Ganzova, Veronika"]
[Result "1-0"]
[WhiteElo "2021"]
[BlackElo "1597"]
[PlyCount "65"]
[EventDate "2018.??.??"]

1. e4 c5 2. b4 cxb4 3. d4 d5 4. e5 Nc6 5. a3 Qb6 6. Be3 bxa3 7. Rxa3 e6 8. Rb3
Qa5+ 9. c3 f6 10. f4 Qc7 11. Nf3 Na5 12. Rb5 b6 13. Rxa5 bxa5 14. Bd3 Ne7 15.
O-O Nc6 16. exf6 gxf6 17. f5 e5 18. dxe5 fxe5 19. Ng5 h5 20. f6 Bg4 21. Bg6+
Kd7 22. Qxd5+ Kc8 23. Nf7 Rg8 24. Nxe5 Nxe5 25. Qxg8 Nxg6 26. Qxg6 a4 27. Qe8+
Kb7 28. Qb5+ Kc8 29. Qxa4 Bd6 30. f7 Bf8 31. Bf4 Bc5+ 32. Kh1 Qb6 33. Qe4 1-0

[Event "SR 3. liga A2 2018/2019"]
[Site "?"]
[Date "2019.03.24"]
[Round "11.3"]
[White "Ganz, Marek"]
[Black "Zlamal, Marek"]
[Result "0-1"]
[WhiteElo "1670"]
[BlackElo "1862"]
[PlyCount "50"]
[EventDate "2018.??.??"]

1. e4 c5 2. Nf3 Nc6 3. d4 cxd4 4. Nxd4 e5 5. Nb5 d6 6. Be3 Nf6 7. N1c3 a6 8.
Na3 b5 9. Ne2 Be6 10. Ng3 d5 11. exd5 Nxd5 12. Qd3 Nxe3 13. Qxe3 Bb4+ 14. c3
Bxa3 15. bxa3 O-O 16. Be2 Qa5 17. Qc1 Nd4 18. Bd3 Rac8 19. O-O Rxc3 20. Qb1 f5
21. f4 Qxa3 22. Be2 Rxg3 23. hxg3 Nxe2+ 24. Kf2 Bc4 25. Ke1 Qc3+ 0-1

[Event "SR 3. liga A2 2018/2019"]
[Site "?"]
[Date "2019.03.24"]
[Round "11.3"]
[White "Husek, Lubomir"]
[Black "Benkovsky, Peter"]
[Result "1/2-1/2"]
[WhiteElo "1886"]
[BlackElo "1662"]
[PlyCount "132"]
[EventDate "2018.??.??"]

1. e4 e6 2. d4 d5 3. e5 c5 4. c3 Nc6 5. Nf3 Qb6 6. a3 cxd4 7. cxd4 Nge7 8. Nc3
Nf5 9. Bb5 Bd7 10. Bxc6 Bxc6 11. O-O g6 12. Re1 Be7 13. Qd2 O-O 14. g4 Ng7 15.
Kg2 Qd8 16. Qh6 f6 17. Bd2 Bd7 18. Re2 f5 19. h3 Rf7 20. Bg5 Qf8 21. Bxe7 Rxe7
22. Ng5 Ne8 23. Qxf8+ Kxf8 24. f4 h6 25. Nf3 Rg7 26. Rc1 Rc8 27. Rec2 Bc6 28.
b4 Rgc7 29. Nb1 Ba4 30. Rxc7 Rxc7 31. Rxc7 Nxc7 32. Nc3 Bc6 33. gxf5 gxf5 34.
Kg3 a6 35. Nd2 Ke7 36. Nb3 b6 37. a4 Kf7 38. a5 b5 39. Nc5 Ke7 40. Kh4 Be8 41.
Ne2 Kf8 42. Nc1 Kg7 43. N1d3 Bc6 44. Kg3 Kg6 45. Kh4 Kg7 46. Ne1 Kh7 47. Nc2
Kg7 48. Ne3 Be8 49. Nb7 Bd7 50. Nd1 Bc6 51. Nd6 Ne8 52. Nc8 Nc7 53. Nb2 Bd7 54.
Nb6 Bc6 55. Nd3 Kh7 56. Nc5 Kg6 57. Nc8 Be8 58. Nd6 Bc6 59. Nc8 Be8 60. Ne7+
Kg7 61. Nb7 Kf7 62. Nc8 Bc6 63. Nbd6+ Kg7 64. Ne7 Bd7 65. Kh5 Be8+ 66. Kh4 Bd7
1/2-1/2

[Event "SR 3. liga A2 2018/2019"]
[Site "?"]
[Date "2019.03.24"]
[Round "11.3"]
[White "Stehlik, Jan"]
[Black "Nemcovic, Peter"]
[Result "1-0"]
[WhiteElo "1616"]
[BlackElo "1633"]
[PlyCount "132"]
[EventDate "2018.??.??"]

1. e4 e6 2. d4 d5 3. exd5 exd5 4. Nf3 Bd6 5. Bd3 Nf6 6. Bg5 h6 7. Bh4 Be6 8. c3
Nbd7 9. Nbd2 c6 10. Qc2 Qc7 11. Bg3 O-O-O 12. Bxd6 Qxd6 13. O-O-O g6 14. Rde1
Nh5 15. g3 Kb8 16. Ng1 c5 17. dxc5 Nxc5 18. Nb3 Nxd3+ 19. Qxd3 Bf5 20. Qd1 Nf6
21. f3 Qa6 22. Nd4 Bd7 23. Kb1 Ne8 24. Qe2 Qb6 25. Qe5+ Nc7 26. Nge2 h5 27. Qf4
Ka8 28. Qd2 Nb5 29. Nxb5 Bxb5 30. Nd4 Bc4 31. b3 Rc8 32. Kc2 Ba6 33. Re3 Qa5
34. Kb2 Rc7 35. Rhe1 Rhc8 36. Rc1 b5 37. Ree1 Qb6 38. Red1 Qf6 39. Re1 Bb7 40.
Red1 a6 41. Re1 Rb8 42. Qe3 Bc8 43. Qe5 Qd8 44. Qe8 Qd6 45. Qe5 Qxe5 46. Rxe5
Bb7 47. Rce1 Rbc8 48. R1e3 Ka7 49. Re7 Kb6 50. Rxc7 Rxc7 51. Re5 a5 52. a3 Kc5
53. b4+ axb4 54. axb4+ Kd6 55. Nxb5+ Kxe5 56. Nxc7 g5 57. Nb5 f5 58. Kc2 g4 59.
f4+ Ke4 60. Nd6+ Kf3 61. Nxb7 Kg2 62. b5 Kxh2 63. b6 Kxg3 64. Nd6 Kf2 65. Nxf5
g3 66. Nxg3 Kxg3 1-0

[Event "SR 3. liga A2 2018/2019"]
[Site "?"]
[Date "2019.03.24"]
[Round "11.3"]
[White "Slezak, Vladimir"]
[Black "Svrcek, Daniel"]
[Result "0-1"]
[WhiteElo "1510"]
[BlackElo "1381"]
[PlyCount "50"]
[EventDate "2018.??.??"]

1. d4 e6 2. Nc3 d5 3. Nf3 c5 4. Bf4 Nc6 5. e3 Qb6 6. Bb5 Bd7 7. Ne5 Nxe5 8.
Bxd7+ Nxd7 9. Rb1 Bd6 10. Qg4 g6 11. Bxd6 Qxd6 12. Nb5 Qb6 13. a4 a6 14. dxc5
Qxc5 15. b4 Qb6 16. Nd4 Qc7 17. Rb3 Qe5 18. O-O Ngf6 19. Qd1 O-O 20. Qa1 Ne4
21. f4 Qg7 22. Rd1 Nb6 23. b5 Nc4 24. bxa6 bxa6 25. g3 Rfc8 0-1

[Event "SR 3. liga A2 2018/2019"]
[Site "?"]
[Date "2019.03.24"]
[Round "11.4"]
[White "Kovacocy, Pavol"]
[Black "Spacek, Oliver"]
[Result "1/2-1/2"]
[WhiteElo "2283"]
[BlackElo "2194"]
[PlyCount "48"]
[EventDate "2018.??.??"]

1. e4 c5 2. Nf3 e6 3. d3 Nc6 4. g3 g6 5. Bg2 Bg7 6. O-O Nge7 7. Re1 d6 8. c3
O-O 9. Na3 e5 10. Be3 Bg4 11. h3 Be6 12. Qd2 Rb8 13. Nc2 Qa5 14. b4 cxb4 15.
Nxb4 d5 16. exd5 Nxd5 17. Nxc6 bxc6 18. c4 Qxd2 19. Bxd2 Nb4 20. Bxb4 Rxb4 21.
Nxe5 c5 22. Rad1 Rb2 23. a4 Ra2 24. Bc6 Rb8 1/2-1/2

[Event "SR 3. liga A2 2018/2019"]
[Site "?"]
[Date "2019.03.24"]
[Round "11.4"]
[White "Ocko, Martin"]
[Black "Sarmir, Milos"]
[Result "1-0"]
[WhiteElo "2005"]
[BlackElo "2119"]
[PlyCount "81"]
[EventDate "2018.??.??"]

1. e4 e5 2. Nf3 Nc6 3. Bb5 a6 4. Ba4 Nf6 5. d3 d6 6. c3 Be7 7. O-O b5 8. Bb3
Na5 9. Bc2 c5 10. h3 O-O 11. Re1 Qc7 12. Nbd2 Bd7 13. Nf1 b4 14. Ng3 Rfb8 15.
Nh4 g6 16. Bg5 Be6 17. f4 Ne8 18. Qd2 f6 19. Bh6 exf4 20. Ne2 g5 21. Nf5 b3 22.
axb3 Nxb3 23. Bxb3 Rxb3 24. d4 d5 25. dxc5 Bxc5+ 26. Ned4 Bxf5 27. exf5 Nd6 28.
Kh1 Ne4 29. Rxe4 dxe4 30. Nxb3 Rd8 31. Qe2 Be3 32. Qxa6 Re8 33. Qxf6 f3 34. Nd4
f2 35. Ne6 Qf7 36. Qe5 Bd2 37. Qxe4 Be1 38. Qf3 Rxe6 39. Ra8+ Re8 40. Rxe8+
Qxe8 41. Qd5+ 1-0

[Event "SR 3. liga A2 2018/2019"]
[Site "?"]
[Date "2019.03.24"]
[Round "11.4"]
[White "Vagovsky, Jozef"]
[Black "Nemeckay, Rastislav"]
[Result "1-0"]
[WhiteElo "1778"]
[BlackElo "1944"]
[PlyCount "37"]
[EventDate "2018.??.??"]

1. d4 d5 2. c4 c6 3. e3 e6 4. cxd5 exd5 5. Bd3 Nf6 6. Nc3 Bd6 7. Nge2 O-O 8.
Qc2 Re8 9. Bd2 g6 10. O-O Bxh2+ 11. Kxh2 Ng4+ 12. Kg3 h5 13. Rh1 h4+ 14. Rxh4
Nxf2 15. e4 g5 16. Rh5 Nxe4+ 17. Nxe4 dxe4 18. Rxg5+ Kf8 19. Bb4+ 1-0

[Event "SR 3. liga A2 2018/2019"]
[Site "?"]
[Date "2019.03.24"]
[Round "11.4"]
[White "Sadlon, Juraj"]
[Black "Markuliak, Mario"]
[Result "1/2-1/2"]
[WhiteElo "1888"]
[BlackElo "1843"]
[PlyCount "100"]
[EventDate "2018.??.??"]

1. e4 d6 2. d4 Nd7 3. c4 e5 4. Nf3 Ngf6 5. Nc3 c6 6. Bd3 Be7 7. O-O O-O 8. h3
Qc7 9. Be3 Re8 10. Qd2 Bf8 11. Rac1 exd4 12. Bxd4 Ne5 13. Nxe5 dxe5 14. Be3 Be6
15. Rfd1 Rad8 16. Qc2 Nd7 17. Na4 c5 18. Nc3 Nb8 19. Nd5 Qc8 20. f4 Nc6 21. f5
Bxd5 22. cxd5 Nd4 23. Bxd4 cxd4 24. Qa4 Qb8 25. Rc2 Rc8 26. Rdc1 Rxc2 27. Qxc2
Bd6 28. Bb5 Rd8 29. Kh2 Kf8 30. h4 Ke7 31. g4 h6 32. Kg3 a6 33. Ba4 b5 34. Bb3
Rd7 35. Qd2 Rc7 36. Rf1 f6 37. g5 hxg5 38. hxg5 Qh8 39. Bd1 Rc4 40. a3 d3 41.
gxf6+ gxf6 42. Qxd3 Qg7+ 43. Bg4 Qg5 44. Qe2 Bc5 45. b3 Rc3+ 46. Rf3 Qf4+ 47.
Kh3 Rxf3+ 48. Qxf3 Qxf3+ 49. Bxf3 Bxa3 50. Kh4 Bc5 $11 1/2-1/2

[Event "SR 3. liga A2 2018/2019"]
[Site "?"]
[Date "2019.03.24"]
[Round "11.4"]
[White "Vlkovic, Pavol"]
[Black "Hanzluvka, Peter"]
[Result "0-1"]
[WhiteElo "1816"]
[BlackElo "1925"]
[PlyCount "126"]
[EventDate "2018.??.??"]

1. e4 c5 2. Nf3 d6 3. c3 Nf6 4. h3 Nc6 5. Bd3 g6 6. Bc2 Bg7 7. d3 b5 8. Nbd2
O-O 9. Nf1 b4 10. Ba4 Bb7 11. Bd2 Nd7 12. Bxc6 Bxc6 13. Ne3 a5 14. Ng4 Nf6 15.
Qc1 Kh8 16. Bh6 Ng8 17. Bxg7+ Kxg7 18. c4 Qc7 19. b3 Rae8 20. O-O f5 21. Ng5 e5
22. Ne3 h6 23. Nf3 fxe4 24. dxe4 Bxe4 25. Nd2 Bc6 26. a3 Ne7 27. Qb2 Nf5 28.
Rae1 Qd8 29. Nxf5+ Rxf5 30. axb4 axb4 31. Ne4 Rf4 32. f3 Ref8 33. Qd2 Bxe4 34.
fxe4 R8f6 35. Rxf4 Rxf4 36. Rf1 Rxe4 37. Qd5 Rf4 38. Ra1 Rf7 39. Rd1 Rd7 40.
Ra1 Qf6 41. Ra8 Rf7 42. Qc6 h5 43. Ra6 Qf1+ 44. Kh2 Qf4+ 45. Kh1 Qg3 46. Ra1
Rf2 47. Qd7+ Kh6 48. Rg1 e4 49. Qd8 Qe5 50. Re1 e3 51. Kg1 Qd4 52. h4 Rf5 53.
Kh1 Qe5 54. Kg1 Qc3 55. Kh2 Qe5+ 56. Kh1 Kg7 57. Qd7+ Rf7 58. Qh3 e2 59. Qd3
Rf4 60. Qxe2 Rxh4+ 61. Kg1 Qh2+ 62. Kf2 Rf4+ 63. Ke3 Qg3+ 0-1

[Event "SR 3. liga A2 2018/2019"]
[Site "?"]
[Date "2019.03.24"]
[Round "11.4"]
[White "Pericka, Pavol"]
[Black "Hornak, Pavol"]
[Result "1-0"]
[WhiteElo "1806"]
[BlackElo "1793"]
[PlyCount "105"]
[EventDate "2018.??.??"]

1. e4 c5 2. Bc4 Nc6 3. Nf3 e6 4. Qe2 a6 5. a4 Nge7 6. Nc3 Qc7 7. d3 Ng6 8. O-O
Be7 9. Bg5 Bxg5 10. Nxg5 d6 11. f4 Nd4 12. Qf2 h6 13. Nf3 Nxf3+ 14. Qxf3 Ne7
15. Rae1 Nc6 16. Ne2 Bd7 17. f5 Ne5 18. Qg3 Nxc4 19. Qxg7 O-O-O 20. dxc4 Rhg8
21. Qxf7 exf5 22. Ng3 Rdf8 23. Qh7 f4 24. Rxf4 Bxa4 25. Rxf8+ Rxf8 26. Qxh6 Rd8
27. b3 Bc6 28. Nf5 b5 29. Qe6+ Bd7 30. Qxd6 Qxd6 31. Nxd6+ Kc7 32. e5 bxc4 33.
Nxc4 Bf5 34. Re2 Be6 35. Nd6 Kc6 36. h3 Rd7 37. g4 Kd5 38. Nf5 c4 39. Rd2+ Kxe5
40. Rxd7 Bxd7 41. b4 c3 42. Kf2 Kf4 43. Nd4 Ba4 44. Ne2+ Ke5 45. Nxc3 Bxc2 46.
Ke3 Bb3 47. Ne4 Bc4 48. h4 Be6 49. g5 Kf5 50. h5 Bd5 51. h6 Bg8 52. Nf6 Kxg5
53. Nxg8 1-0

[Event "SR 3. liga A2 2018/2019"]
[Site "?"]
[Date "2019.03.24"]
[Round "11.4"]
[White "Kavuljak, Alojz"]
[Black "Ulehla, Jakub"]
[Result "1/2-1/2"]
[WhiteElo "1664"]
[BlackElo "1724"]
[PlyCount "46"]
[EventDate "2018.??.??"]

1. e4 c5 2. Nc3 Nc6 3. f4 d6 4. Nf3 Nf6 5. Bb5 a6 6. Bxc6+ bxc6 7. O-O e6 8. d3
Be7 9. Qe1 Qc7 10. e5 Nd5 11. Ne4 O-O 12. Ng3 f5 13. exd6 Qxd6 14. Ne5 Bf6 15.
c3 Nb6 16. Qe2 Nd7 17. Nc4 Qe7 18. Be3 a5 19. Nh5 Rd8 20. Nxf6+ Nxf6 21. Ne5
Qd6 22. Rfd1 Ba6 23. Qf2 Ne4 $11 1/2-1/2

[Event "SR 3. liga A2 2018/2019"]
[Site "?"]
[Date "2019.03.24"]
[Round "11.4"]
[White "Hrdlicka, Martin"]
[Black "Zelensky, Ivan"]
[Result "1-0"]
[WhiteElo "1511"]
[BlackElo "1454"]
[PlyCount "63"]
[EventDate "2018.??.??"]

1. e4 e5 2. Nf3 Nc6 3. Bb5 a6 4. Ba4 b5 5. Bb3 Bc5 6. O-O d6 7. c3 Bg4 8. d3 b4
9. Re1 a5 10. Nbd2 h6 11. Nf1 Nge7 12. Ng3 O-O 13. h3 Bd7 14. Nh4 Kh8 15. Nhf5
Nxf5 16. Nxf5 Qf6 17. Qh5 Bxf5 18. exf5 Ne7 19. d4 Bb6 20. Bc2 Nc6 21. h4 Rae8
22. Bg5 Re6 23. d5 e4 24. Bxf6 Rxf6 25. dxc6 d5 26. Rad1 g5 27. Rxd5 e3 28.
fxe3 Re8 29. hxg5 Bxe3+ 30. Rxe3 Rxe3 31. gxf6 Re1+ 32. Kf2 1-0